| 000 | 00840nam a22002177a 4500 | ||
|---|---|---|---|
| 999 |
_c6062 _d6062 |
||
| 003 | AR-CdUCM | ||
| 008 | 190313b ||||| |||| 00| 0 spa d | ||
| 040 |
_aMUNICIPALIDAD PROVINCIAL DEL CUSCO _cBIBLIOTECA MUNICIPAL DEL CUSCO |
||
| 082 |
_a979.5 / _bA19 |
||
| 100 |
_aRodriguez Morales, Luis M. _917662 |
||
| 110 |
_aR74 _917663 |
||
| 245 | _aConsideraciones en torno a la edicion de Actas Capitulares / | ||
| 260 |
_aTrujillo : _bImprenta Venezuela , _c1952. |
||
| 300 |
_a261 páginas ; _c23.5 cm. |
||
| 505 | _aContenido : Objetivos -- El lenguaje -- Modernizacion -- Abreviaturas -- Palabras Unidas o quebradas -- Mayúsculas y Minúsculas -- Transcripción Múltiple... | ||
| 650 |
_aHistoria de Puerto Rico _914575 |
||
| 650 |
_aCabildos _95645 |
||
| 650 |
_aPuerto Rico 1761 - 1767 _917664 |
||
| 942 |
_2ddc _cLIBROS |
||
| 945 | _artm | ||